Les plus gros transfert de L'OL (Achat) - Statistiques

Statistiques générales
  • Ce quiz a été pris 57 fois
  • Le résultat moyen est 3 sur 10
Statistiques - réponses
Prix Joueur % Correct
22 Millions Yoann Gourcuff
79%
24 Millions Lisandro Lopez
48%
24 Millions Joachim Andersen
42%
23,44 Millions Lucas Paqueta
38%
25 Millions Jeff Reine-Adélaïde
35%
18 Millions Michel Bastos
31%
20 Millions Bruno Guimaraes
25%
22 Millions Thiago Mendes
23%
19 Millions Sonny Anderson
19%
22 Millions Moussa Dembélé
8%
Aucun quiz correspondant
Distribution des résultats
% des personnes avec chaque résultat
Percentile par nombre de réponses
Votre historique - résultats
Vous n’avez pas pris ce quiz